Strategija portfolia banke i modeli matematičkog programiranja
Gespeichert in:
| 1. Verfasser: | |
|---|---|
| Körperschaften: | , |
| Weitere Verfasser: | , , |
| Format: | Buch |
| Sprache: | Serbisch Slowakisch |
| Veröffentlicht: |
Bečej
Proleter
2016
|
| Ausgabe: | 1. vyd. |
| Schlagworte: | |
| Tags: |
Keine Tags, Fügen Sie das erste Tag hinzu!
|
MARC
| LEADER | 00000nam a2200000 4500 | ||
|---|---|---|---|
| 001 | 0226561 | ||
| 005 | 20240502083606.6 | ||
| 020 | |a 978-86-6441-023-6 | ||
| 041 | 0 | |a srp | |
| 041 | 0 | |a slo | |
| 044 | |a RS | ||
| 245 | 1 | 0 | |a Strategija portfolia banke i modeli matematičkog programiranja |c Nenad Vunjak, Juraj Pekár ; recenzenti: Miroslav Vitéz, Jelena Birovljevová ... [et al.] |
| 250 | |a 1. vyd. | ||
| 264 | 1 | |a Bečej |b Proleter |c 2016 | |
| 300 | |a 283 s. [14,12 AH] | ||
| 500 | |a Publikácia je zložená z 2 častí | ||
| 610 | 2 | 0 | |a banky |
| 610 | 2 | 0 | |a bankovníctvo |
| 610 | 2 | 0 | |a portfólio |
| 610 | 2 | 0 | |a úver |
| 610 | 2 | 0 | |a riziko bankové |
| 610 | 2 | 0 | |a riadenie rizík |
| 610 | 2 | 0 | |a úrok |
| 610 | 2 | 0 | |a investovanie |
| 610 | 2 | 0 | |a investície |
| 610 | 2 | 0 | |a simulácia |
| 610 | 2 | 0 | |a programovanie matematické |
| 610 | 2 | 0 | |a modelovanie |
| 610 | 2 | 0 | |a meranie výkonnosti |
| 100 | 1 | |a Vunjak, Nenad | |
| 700 | 1 | |a Pekár, Juraj, 1972- | |
| 700 | 1 | |a Vitéz, Miroslav | |
| 700 | 1 | |a Birovljevová, Jelena | |
| 710 | 2 | |a Univerzitet u Novom Sadu. Ekonomski fakultet u Subotici | |
| 710 | 2 | |a Ekonomická univerzita v Bratislave. Fakulta hospodárskej informatiky | |